<?xml version="1.0" encoding="UTF-8"?>
<record
    xmlns:xsi="http://www.w3.org/2001/XMLSchema-instance"
    xsi:schemaLocation="http://www.loc.gov/MARC21/slim http://www.loc.gov/standards/marcxml/schema/MARC21slim.xsd"
    xmlns="http://www.loc.gov/MARC21/slim">

  <leader>01277nam a22002897a 4500</leader>
  <datafield tag="999" ind1=" " ind2=" ">
    <subfield code="c">158213</subfield>
    <subfield code="d">158213</subfield>
  </datafield>
  <controlfield tag="003">dpl</controlfield>
  <controlfield tag="005">20181020164113.0</controlfield>
  <controlfield tag="008">181020b           ||||| |||| 00| 0 eng d</controlfield>
  <datafield tag="010" ind1=" " ind2=" ">
    <subfield code="a">B-142014</subfield>
  </datafield>
  <datafield tag="020" ind1=" " ind2=" ">
    <subfield code="c">180.00</subfield>
    <subfield code="a">812631107</subfield>
  </datafield>
  <datafield tag="035" ind1=" " ind2=" ">
    <subfield code="a">B-142014</subfield>
  </datafield>
  <datafield tag="037" ind1=" " ind2=" ">
    <subfield code="b">Cen Lib/Ret</subfield>
  </datafield>
  <datafield tag="040" ind1=" " ind2=" ">
    <subfield code="a">DPL</subfield>
    <subfield code="b">HN</subfield>
    <subfield code="c">0</subfield>
  </datafield>
  <datafield tag="082" ind1=" " ind2=" ">
    <subfield code="a">808.883</subfield>
    <subfield code="b">&#x915;&#x94C;&#x936;&#x932; </subfield>
  </datafield>
  <datafield tag="100" ind1=" " ind2=" ">
    <subfield code="a">&#x915;&#x94C;&#x936;&#x932;, &#x91C;&#x947;.&#x90F;&#x928;.</subfield>
    <subfield code="9">73</subfield>
  </datafield>
  <datafield tag="245" ind1=" " ind2=" ">
    <subfield code="a">&#x926;&#x930;&#x94D;&#x926; &#x906;&#x92F;&#x93E; &#x925;&#x93E; &#x926;&#x92C;&#x947; &#x92A;&#x93E;&#x901;&#x935; /</subfield>
    <subfield code="c">&#x91C;&#x947;.&#x90F;&#x928;.&#x915;&#x94C;&#x936;&#x932; ; &#x938;&#x92E;&#x94D;&#x92A;&#x93E;&#x926;&#x915; &#x915;&#x93F;&#x930;&#x923; &#x92D;&#x91F;&#x928;&#x93E;&#x917;&#x930; </subfield>
  </datafield>
  <datafield tag="246" ind1=" " ind2=" ">
    <subfield code="a">Dard aaya tha dabe paanv /</subfield>
    <subfield code="b">by J.N.Kaushal ; sampadak Kiran Bhatnagar </subfield>
  </datafield>
  <datafield tag="260" ind1=" " ind2=" ">
    <subfield code="a">&#x928;&#x92F;&#x940; &#x926;&#x93F;&#x932;&#x94D;&#x932;&#x940;   </subfield>
    <subfield code="b">&#x92D;&#x93E;&#x930;&#x924;&#x940;&#x92F; &#x91C;&#x94D;&#x91E;&#x93E;&#x928;&#x92A;&#x940;&#x920; </subfield>
    <subfield code="c">2005</subfield>
  </datafield>
  <datafield tag="270" ind1=" " ind2=" ">
    <subfield code="b">&#x928;&#x92F;&#x940; &#x926;&#x93F;&#x932;&#x94D;&#x932;&#x940;   </subfield>
    <subfield code="a">18, &#x907;&#x902;&#x938;&#x94D;&#x91F;&#x940;&#x91F;&#x94D;&#x92F;&#x942;&#x936;&#x928;&#x932; &#x90F;&#x930;&#x93F;&#x92F;&#x93E;, &#x932;&#x94B;&#x926;&#x940; &#x930;&#x94B;&#x921;   </subfield>
    <subfield code="e">110003</subfield>
  </datafield>
  <datafield tag="300" ind1=" " ind2=" ">
    <subfield code="a">263&#x92A;&#x943;. </subfield>
    <subfield code="c">20&#x938;&#x947;&#x92E;&#x940;(&#x938;&#x91C;&#x93F;&#x932;&#x94D;&#x926;)</subfield>
  </datafield>
  <datafield tag="650" ind1=" " ind2=" ">
    <subfield code="a">&#x939;&#x93F;&#x928;&#x94D;&#x926;&#x940; -- &#x938;&#x93E;&#x939;&#x93F;&#x924;&#x94D;&#x92F; </subfield>
    <subfield code="9">92149</subfield>
  </datafield>
  <datafield tag="650" ind1=" " ind2=" ">
    <subfield code="a">&#x939;&#x93F;&#x928;&#x94D;&#x926;&#x940; -- &#x915;&#x939;&#x93E;&#x928;&#x93F;&#x92F;&#x93E;&#x901; </subfield>
    <subfield code="9">92150</subfield>
  </datafield>
  <datafield tag="650" ind1=" " ind2=" ">
    <subfield code="a">Hindi literature</subfield>
    <subfield code="9">92151</subfield>
  </datafield>
  <datafield tag="650" ind1=" " ind2=" ">
    <subfield code="a">Hindi - Stories</subfield>
    <subfield code="9">92152</subfield>
  </datafield>
  <datafield tag="700" ind1=" " ind2=" ">
    <subfield code="a">&#x92D;&#x91F;&#x928;&#x93E;&#x917;&#x930;, &#x915;&#x93F;&#x930;&#x923; </subfield>
    <subfield code="9">92153</subfield>
  </datafield>
  <datafield tag="942" ind1=" " ind2=" ">
    <subfield code="2">ddc</subfield>
    <subfield code="c">HN</subfield>
    <subfield code="h">808.883</subfield>
    <subfield code="m">&#x915;&#x94C;&#x936;&#x932; </subfield>
  </datafield>
  <datafield tag="952" ind1=" " ind2=" ">
    <subfield code="0">0</subfield>
    <subfield code="1">0</subfield>
    <subfield code="2">ddc</subfield>
    <subfield code="4">0</subfield>
    <subfield code="7">0</subfield>
    <subfield code="8">NFIC</subfield>
    <subfield code="a">BL4</subfield>
    <subfield code="b">BL4</subfield>
    <subfield code="d">2018-10-20</subfield>
    <subfield code="e">BPPD/PUB</subfield>
    <subfield code="g">180.00</subfield>
    <subfield code="l">0</subfield>
    <subfield code="o">808.883 &#x915;&#x94C;&#x936;&#x932;</subfield>
    <subfield code="p">B-142014</subfield>
    <subfield code="r">2018-10-20 00:00:00</subfield>
    <subfield code="v">180.00</subfield>
    <subfield code="w">2018-10-20</subfield>
    <subfield code="y">HN</subfield>
  </datafield>
</record>
